| 000 | 00964nam a2200217Ia 4500 | ||
|---|---|---|---|
| 003 | Ost | ||
| 005 | 20260507074948.0 | ||
| 008 | 260507s9999||||xx |||||||||||||| ||und|| | ||
| 040 | _cfsecg | ||
| 041 | _aara | ||
| 082 | _a621.3819 | ||
| 100 |
_aمتولى، أسامة _eمؤلف |
||
| 245 | 0 |
_aأساسيات نظم التشغيل / _c أسامة متولى |
|
| 260 |
_aالبحرين: _bمؤسسة لورد العالمية للشؤون الجامعية, _c2006 |
||
| 300 |
_a171 صفحة؛ _bإيضاحات ؛ _c25 سم |
||
| 490 | _aأكاديمية التعلم | ||
| 520 | _aلمحات سريعة عن أنظمة تشغيل الحاسب،نظام التشغيل MS-DOS،التطور التاريخي لأنظمة WINDOWS،بعض الأنظمة الآلية التطبيقية،نظام windows2000،نظامWINDOWS XP | ||
| 653 | _aالحاسبات الإلكترونية | ||
| 700 |
_aكامل، سوزان _eمؤلف ثانوي |
||
| 942 | _cكتاب | ||
| 999 |
_c41978 _d41978 |
||